| 000 | 00365 a2200145 4500 | ||
|---|---|---|---|
| 999 |
_c325425 _d325425 |
||
| 001 | 90352 | ||
| 003 | NUST | ||
| 082 | _a891.4394 TAR | ||
| 100 |
_aMustansar Hussain Tarar _99703 |
||
| 245 |
_aTarar Nama _hUrdu _cMustansar Hussain |
||
| 250 | _a1st | ||
| 260 |
_aLahore _bSang-e-Meel Publication _c2010 |
||
| 300 | _a470p. | ||
| 500 | _aGeneral Books | ||
| 942 |
_aCAE NUST _cBK _k891.4394 TAR _2ddc |
||